000 00564nam a22001937a 4500
003 CEME
005 20210628202813.0
008 210120b xxu||||| |||| 00| 0 eng d
020 _a0-8442-0382-3
040 _cceme
082 _a302.2242 GAL
100 _aCooper, Pamela J , Galvin, Kathleen M
_961708
245 _aThe basics of speech , learning to be a competent communicator
250 _a3RD
260 _aNEW YORK
_bNATIONAL
_c1999
300 _aXVI,606 P
650 _aORAL COMMUNICAITON- JUVENIL LITERATURE, COMMUNICATION
_961709
942 _cBK
_2ddc
999 _c571068
_d571068